|
|
|
|
| LEADER |
00000cam a22000004a 4500 |
| 001 |
musev2_1284 |
| 003 |
MdBmJHUP |
| 005 |
20230905040209.0 |
| 006 |
m o d |
| 007 |
cr||||||||nn|n |
| 008 |
011214s2002 pau o 00 0 eng d |
| 010 |
|
|
|z 2001059236
|
| 020 |
|
|
|a 9781439907306
|
| 020 |
|
|
|z 9781592131914
|
| 020 |
|
|
|z 9781566399548
|
| 035 |
|
|
|a (OCoLC)699510050
|
| 040 |
|
|
|a MdBmJHUP
|c MdBmJHUP
|
| 043 |
|
|
|a n-us---
|
| 050 |
0 |
4 |
|a GV697.A1
|b P55 2002
|
| 082 |
0 |
|
|a 306.4/83/08996073
|2 21
|
| 100 |
1 |
|
|a Platt, Larry.
|
| 245 |
1 |
0 |
|a New Jack Jocks :
|b Rebels, Race, And The American Athlete /
|c Larry Platt.
|
| 264 |
|
1 |
|a Philadelphia :
|b Temple University Press,
|c 2002.
|
| 264 |
|
3 |
|a Baltimore, Md. :
|b Project MUSE,
|c 2012
|
| 264 |
|
4 |
|c ©2002.
|
| 300 |
|
|
|a 1 online resource (206 pages).
|
| 336 |
|
|
|a text
|b txt
|2 rdacontent
|
| 337 |
|
|
|a computer
|b c
|2 rdamedia
|
| 338 |
|
|
|a online resource
|b cr
|2 rdacarrier
|
| 588 |
|
|
|a Description based on print version record.
|
| 650 |
|
0 |
|a Sports
|x Social aspects
|z United States.
|
| 650 |
|
0 |
|a Athletes
|z United States
|v Biography.
|
| 651 |
|
0 |
|a United States
|x Race relations.
|
| 655 |
|
7 |
|a Electronic books.
|2 local
|
| 710 |
2 |
|
|a Project Muse.
|e distributor
|
| 830 |
|
0 |
|a Book collections on Project MUSE.
|
| 856 |
4 |
0 |
|z Texto completo
|u https://projectmuse.uam.elogim.com/book/1284/
|
| 945 |
|
|
|a Project MUSE - Custom Collection
|
| 945 |
|
|
|a Project MUSE - Archive Complete Foundation
|
| 945 |
|
|
|a Project MUSE - Archive Global Cultural Studies Foundation
|